Anesthesia equipment Simplified / (رقم التسجيلة. 36152)
[ عرض عادي ]
| 000 -الفاتح | |
|---|---|
| حقل البيانات ثابتة الطول | 01332nam a2200253 4500 |
| 003 - محدد رقم الضبط | |
| رقم الضبط | OSt |
| 005 - وقت وتاريخ اخر تعامل مع التسجيلة | |
| رقم الضبط | 20220928161015.0 |
| 008 - عناصر البيانات ثابتة الطول - معلومات عامة | |
| حقل البيانات ثابتة الطول | 131209t2014 paua f b 001 0 eng c |
| 020 ## - الرقم الدولى المعيارى للكتب | |
| الرقم الدولى المعيارى للكتاب | 9780071805186 |
| 040 ## - مصدر الفهرسة | |
| وكالة الفهرسة الأصلية | Ma-Un |
| لغة الفهرسة | eng |
| وكالة النسخ | Ma-Un |
| 082 04 - رقم تصنيف ديوى العشرى | |
| رقم التصنيف | 617.96 |
| رقم المادة | ANE |
| رقم الطبعة | 23 |
| 245 00 - بيان العنوان | |
| العنوان | Anesthesia equipment Simplified / |
| بيان المسئوليه,etc | [edited by] Jan Ehrenwerth, MD, Professor of Anesthesiology, Yale University School of Medicine, New Haven, Connecticut, James B. Eisenkraft, MD, Professor of Anesthesiology, Icahn School of Medicine at Mount Sinai, New York, New York, James M. Berry, MD, Professor of Anesthesiology, Vanderbilt University Medical Center, Nashville, Tennessee. |
| 260 ## - PUBLICATION, DISTRIBUTION, ETC. (IMPRINT) | |
| مكان الناشر او الموزع | New York : |
| اسم الناشر او الموزع | McGraw-Hill Education Medical, |
| تاريخ النشر أو التوزيع | 2014 |
| تاريخ النشر هجري | [1435] |
| 300 ## - الوصف المادى | |
| التعداد | xvi, 748 pages : |
| تفاصيل ماديه اخرى للوعاء | illustrations (chiefly color) ; |
| أبعاد الوعاء | 28 cm |
| 504 ## - تبصرة ببليوجرافية | |
| تبصرة ببليوجرافية,الخ | Includes bibliographical references and index. |
| 650 #0 - المدخل الاضافى بالموضوع-مصطلح موضوعى | |
| مصطلح موضوعي أو اسم جغرافي كعنصر مدخل | Anesthesiology |
| التقسيم الفرعي العام | Apparatus and instruments. |
| 650 12 - المدخل الاضافى بالموضوع-مصطلح موضوعى | |
| مصطلح موضوعي أو اسم جغرافي كعنصر مدخل | Anesthesiology |
| التقسيم الفرعي العام | instrumentation. |
| 700 1# - المدخل الاضافى - اسم شخصى | |
| الإسم الشخصى | Ehrenwerth, Jan |
| الدور | editor of compilation. |
| 700 1# - المدخل الاضافى - اسم شخصى | |
| الإسم الشخصى | Eisenkraft, James B., |
| الدور | editor of compilation. |
| 700 1# - المدخل الاضافى - اسم شخصى | |
| الإسم الشخصى | Berry, James M. |
| الدور | editor of compilation. |
| 952 ## - LOCATION AND ITEM INFORMATION (KOHA) | |
| نوع المادة فى نظام كوها | كتاب |
| 952 ## - LOCATION AND ITEM INFORMATION (KOHA) | |
| نوع المادة فى نظام كوها | كتاب |
| 952 ## - LOCATION AND ITEM INFORMATION (KOHA) | |
| نوع المادة فى نظام كوها | كتاب |
| 952 ## - LOCATION AND ITEM INFORMATION (KOHA) | |
| نوع المادة فى نظام كوها | كتاب |
| 952 ## - LOCATION AND ITEM INFORMATION (KOHA) | |
| نوع المادة فى نظام كوها | كتاب |
| 952 ## - LOCATION AND ITEM INFORMATION (KOHA) | |
| نوع المادة فى نظام كوها | كتاب |
| 952 ## - LOCATION AND ITEM INFORMATION (KOHA) | |
| نوع المادة فى نظام كوها | كتاب |
| 942 ## - | |
| -- | ddc |
| -- | BOOK |
| 906 ## - عنصر بيانات محلى F, LDF (RLIN) | |
| a | 7 |
| b | cbc |
| c | pccadap |
| d | 2 |
| e | ncip |
| f | 20 |
| g | y-gencatlg |
| حالة الفقد | نموذج السعر الفعال | حالة تلف | ليس للاعارة | تاريخ الاكتساب | رقم الطلب | تاريخ الاكتساب | الموقع الحالي | الباركود | الفرع الرئيسي | Date last seen | مصدر التصنيف او خطة الترفيف | Total Checkouts |
|---|---|---|---|---|---|---|---|---|---|---|---|---|
| 2022-09-28 | Not For Loan | 2022-09-28 | 617.96 ANE | 2022-09-28 | AMF | 00146538 | مكتبة كلية العلوم الطبية التطبيقية بالمجمعة - طالبات (AMF) | 2022-09-28 | Dewey Decimal Classification | |||
| 2022-09-28 | 2022-09-28 | 617.96 ANE | 2022-09-28 | AMF | 00146539 | مكتبة كلية العلوم الطبية التطبيقية بالمجمعة - طالبات (AMF) | 2022-09-28 | Dewey Decimal Classification | ||||
| 2014-10-23 | Not For Loan | 2014-10-23 | 617.96 ANE | 2014-10-23 | CL | 00405450 | المكتبة المركزية بالمجمعة (CL) | 2014-10-23 | Dewey Decimal Classification | |||
| 2014-10-23 | 2014-10-23 | 617.96 ANE | 2014-10-23 | CL | 00405451 | المكتبة المركزية بالمجمعة (CL) | 2014-10-23 | Dewey Decimal Classification | ||||
| 2014-10-23 | 2014-10-23 | 617.96 ANE | 2014-10-23 | CL | 00405452 | المكتبة المركزية بالمجمعة (CL) | 2014-10-23 | Dewey Decimal Classification | ||||
| 2022-09-28 | Not For Loan | 2022-09-28 | 617.96 ANE | 2022-09-28 | DZF | 00146540 | مكتبة كلية طب الأسنان الزلفي طالبات (DZF) | 2022-09-28 | Dewey Decimal Classification | |||
| 2022-09-28 | 2022-09-28 | 617.96 ANE | 2022-09-28 | DZF | 00146541 | مكتبة كلية طب الأسنان الزلفي طالبات (DZF) | 2022-09-28 | Dewey Decimal Classification |
